书目信息 |
| 题名: |
国史讲话
|
|
| 作者: | 顾颉刚 著 | |
| 分册: | ||
| 出版信息: | 北京 中华书局 2016 |
|
| 页数: | 133页 | |
| 开本: | 22cm | |
| 丛书名: | ||
| 单 册: | ||
| 中图分类: | K220.9 | |
| 科图分类: | ||
| 主题词: | 中国历史--古代史--通俗读物 | |
| 电子资源: | ||
| ISBN: | 978-7-101-11818-6 | |
| 000 | 00792nam0 2200241 450 | |
| 001 | 012001004370 | |
| 005 | 20140928162349.0 | |
| 010 | @a978-7-101-11818-6@b精装@dCNY20.00 | |
| 100 | @a20160908d2016 em y0chiy50 ea | |
| 101 | 0 | @achi |
| 102 | @aCN@b110000 | |
| 105 | @ay z 000yy | |
| 106 | @ar | |
| 200 | 1 | @a国史讲话@9guo shi jiang hua@f顾颉刚著 |
| 210 | @a北京@c中华书局@d2016 | |
| 215 | @a133页@d22cm | |
| 300 | @a跟大师学国学 | |
| 330 | @a本书内容包括:宋代的统一、契丹势力的南渐、西夏的始末、女真的勃兴、蒙古的立国、蒙古领土的扩张等几个部分,如同讲故事一般,用通俗的笔墨普及历史知识。 | |
| 606 | 0 | @a中国历史@x古代史@j通俗读物 |
| 690 | @aK220.9@v5 | |
| 701 | 0 | @a顾颉刚@9gu jie gang@f(1893~1980)@4著 |
| 801 | 0 | @aCN@b上海新华@c20180901 |
| 905 | @b1164865-9@dK220.9@e130@f5 | |
| 国史讲话/顾颉刚著.-北京:中华书局,2016 |
| 133页;22cm |
| 跟大师学国学 |
| ISBN 978-7-101-11818-6(精装):CNY20.00 |
| 本书内容包括:宋代的统一、契丹势力的南渐、西夏的始末、女真的勃兴、蒙古的立国、蒙古领土的扩张等几个部分,如同讲故事一般,用通俗的笔墨普及历史知识。 |
| ● |
| 相关链接 |
|
|
|
|
正题名:国史讲话
索取号:K220.9/130
 
预约/预借
| 序号 | 登录号 | 条形码 | 馆藏地/架位号 | 状态 | 备注 |
| 1 | 1164865 | 211648653 | 第二样本阅览室/ [索取号:K220.9/130] | 在馆 | |
| 2 | 1164866 | 211648662 | 密集书库-史法系/ [索取号:K220.9/130] | 在馆 | |
| 3 | 1164867 | 211648671 | 第二借阅区/ [索取号:K220.9/130] | 在馆 | |
| 4 | 1164868 | 211648680 | 第二借阅区/ [索取号:K220.9/130] | 在馆 | |
| 5 | 1164869 | 211648699 | 第二借阅区/ [索取号:K220.9/130] | 在馆 |